[Event "Moscow-Open 2021_B"]
[Site "Moscow"]
[Date "2021.02.25"]
[Round "6.25"]
[White "Alekseenko, Mariya"]
[Black "Khachatryan, Marieta"]
[Result "1-0"]
[WhiteElo "1656"]
[BlackElo "1830"]
[PlyCount "85"]
[EventDate "2021.02.20"]

1. d4 d5 2. Nf3 Nf6 3. g3 Bf5 4. Bg2 c6 5. O-O h6 6. c4 e6 7. Nc3 Nbd7 8. Re1
Be7 9. Qb3 Qb6 10. c5 Qa6 11. Bf1 b5 12. a4 O-O 13. Bf4 bxa4 14. Rxa4 Qc8 15.
Qa2 Qb7 16. e4 Nxc5 17. dxc5 dxe4 18. Ba6 Qd7 19. Ne5 Qe8 20. Bb7 g5 21. Be3
Rb8 22. Bxc6 Qd8 23. Rxa7 Bg4 24. Nxe4 Nxe4 25. Bxe4 Bf6 26. Nc6 Qc8 27. Nxb8
Qxb8 28. Ra8 Qb4 29. Rxf8+ Kxf8 30. Qb1 Be5 31. Rc1 Bc7 32. c6 Qb3 33. Qc2 Qb8
34. b4 f5 35. Bg2 f4 36. Bc5+ Kg7 37. Qd3 Bf5 38. Be4 fxg3 39. hxg3 Bxe4 40.
Qxe4 e5 41. Rd1 Kf6 42. g4 Qc8 43. Rd7 1-0

[Event "Moscow-Open 2021_B"]
[Site "Moscow"]
[Date "2021.02.25"]
[Round "6.27"]
[White "Sannikova, Anna"]
[Black "Dryaeva, Lana"]
[Result "0-1"]
[WhiteElo "1759"]
[BlackElo "1404"]
[PlyCount "148"]
[EventDate "2021.02.20"]

1. Nf3 Nf6 2. c4 e6 3. e3 d5 4. b3 b6 5. Bb2 Nbd7 6. Nc3 Be7 7. Qc2 Bb7 8. Be2
c5 9. cxd5 exd5 10. d4 O-O 11. O-O Re8 12. Rfd1 a6 13. Rac1 Bf8 14. Ne1 Rc8 15.
Bf3 c4 16. bxc4 Rxc4 17. a3 b5 18. Qb3 Nb6 19. Nd3 Bd6 20. Ne2 Rxc1 21. Rxc1
Nc4 22. Rc2 Qa5 23. Nb4 Qc7 24. g3 Rc8 25. Nc3 Bxb4 26. Qxb4 Bc6 27. Qb3 Qd7
28. Ne2 g5 29. Nc1 Qf5 30. Bg2 Ne4 31. Bc3 h5 32. h3 h4 33. g4 Qd7 34. Nd3 Qe7
35. Bb4 Ned6 36. Bxd6 Qxd6 37. Nc5 a5 38. Qd3 Qg6 39. Qxg6+ fxg6 40. Rc3 Kf7
41. Kf1 Rd8 42. Ke2 Kf6 43. Kd3 a4 44. Kc2 Ke7 45. Nd3 Rf8 46. Kb1 Kd6 47. Ka2
Rf6 48. Rc2 Re6 49. Nc5 Re7 50. Bf1 Rf7 51. Re2 Rf3 52. Bg2 Rf7 53. Nd3 Re7 54.
Rc2 Re8 55. Bf1 Rf8 56. Ne1 Nxe3 57. fxe3 Rxf1 58. Nd3 Rh1 59. Nf2 Re1 60. Rb2
Rxe3 61. Rc2 Bd7 62. Rd2 Rf3 63. Rc2 Bc6 64. Rd2 b4 65. axb4 Bb5 66. Rc2 Bc4+
67. Ka1 Re3 68. Rd2 a3 69. b5 Kc7 70. Kb1 Kb6 71. Ka1 Kxb5 72. Kb1 Kb4 73. Kc1
a2 74. Kb2 Rb3+ 0-1

[Event "Moscow-Open 2021_B"]
[Site "Moscow"]
[Date "2021.02.25"]
[Round "6.28"]
[White "Lyutsinger, Iren"]
[Black "Yagutian, Mariya"]
[Result "0-1"]
[WhiteElo "1415"]
[BlackElo "1691"]
[PlyCount "82"]
[EventDate "2021.02.20"]

1. e4 e6 2. Nf3 d5 3. e5 c5 4. b4 cxb4 5. a3 Nc6 6. axb4 Bxb4 7. c3 Be7 8. d4
f6 9. Bd3 Qc7 10. Be3 f5 11. O-O h6 12. Ne1 g5 13. Qh5+ Kf8 14. Bc1 Bd7 15. Ba3
Be8 16. Qe2 Bxa3 17. Nxa3 Na5 18. Nf3 Nb3 19. Rad1 Qxc3 20. Bb5 g4 21. Nh4 Nxd4
22. Rxd4 Qxd4 23. Bxe8 Rxe8 24. Nb5 Qc4 25. Qb2 Ne7 26. Nd6 Qc6 27. Rc1 Qd7 28.
Ndxf5 Nxf5 29. Nxf5 exf5 30. e6 Qg7 31. e7+ Kg8 32. Qxb7 Qxe7 33. Qxd5+ Qe6 34.
Qd2 Rh7 35. g3 Rd7 36. Qf4 Red8 37. Qc4 Qxc4 38. Rxc4 Rd1+ 39. Kg2 Ra1 40. Rc6
Rdd1 41. f4 Rd2# 0-1

[Event "Moscow-Open 2021_B"]
[Site "Moscow"]
[Date "2021.02.25"]
[Round "6.29"]
[White "Khachatryan, Nadezhda"]
[Black "Kalenichenko, Alina"]
[Result "1-0"]
[WhiteElo "1665"]
[BlackElo "1638"]
[PlyCount "99"]
[EventDate "2021.02.20"]

1. Nf3 Nf6 2. c4 g6 3. Nc3 Bg7 4. e4 d6 5. d4 O-O 6. Be2 e5 7. O-O Nc6 8. Be3
Ng4 9. Bg5 f6 10. Bh4 g5 11. Bg3 Nh6 12. dxe5 fxe5 13. c5 Be6 14. cxd6 cxd6 15.
Qd2 Nf7 16. Rfd1 h5 17. h3 Bf6 18. Nd5 Bxd5 19. exd5 Ne7 20. Qd3 Kg7 21. Nd2
Rh8 22. Rac1 Ng6 23. Rc4 Nf4 24. Bxf4 exf4 25. Rdc1 Rb8 26. R1c2 Be5 27. Rc7
Rh6 28. Qf5 Qf6 29. Qxf6+ Bxf6 30. Ne4 Bd8 31. Rc8 Rxc8 32. Rxc8 b6 33. Ra8 a5
34. Ra7 Kf8 35. Ba6 g4 36. hxg4 hxg4 37. Bc8 Ne5 38. Be6 g3 39. fxg3 fxg3 40.
Nxd6 Rh8 41. Nf5 Ke8 42. Nxg3 b5 43. Rb7 Nc4 44. Bd7+ Kf8 45. Bxb5 Nxb2 46. Nf5
Rh5 47. g4 Rg5 48. Rb8 Rxg4+ 49. Kh2 a4 50. Rxd8+ 1-0

[Event "Moscow-Open 2021_B"]
[Site "Moscow"]
[Date "2021.02.25"]
[Round "6.30"]
[White "Zagrebina, Marina"]
[Black "Gutkovich, Polina"]
[Result "0-1"]
[WhiteElo "1382"]
[BlackElo "2061"]
[PlyCount "69"]
[EventDate "2021.02.20"]

1. d4 d5 2. c4 e6 3. Nc3 c6 4. cxd5 exd5 5. Bf4 Nf6 6. Nf3 Bd6 7. Bxd6 Qxd6 8.
e3 Bf5 9. Bd3 Bg6 10. Ne5 Nbd7 11. Nxd7 Qxd7 12. Na4 Qd6 13. O-O Ng4 14. Qxg4
Bxd3 15. Rfd1 Bc2 16. Nc5 Bxd1 17. Qxg7 Rf8 18. Rxd1 O-O-O 19. Qg4+ Kb8 20. Rd3
b6 21. Rb3 Ka8 22. Na4 f5 23. Qe2 b5 24. Nc5 f4 25. Qd2 Qg6 26. h3 Rg8 27. Kf1
Qxg2+ 28. Ke1 fxe3 29. Rxe3 Rdf8 30. Nd3 Re8 31. Ne5 Ref8 32. Qc3 Rxf2 33. Kd1
Rf1+ 34. Re1 Rxe1+ 35. Qxe1 0-1

[Event "Moscow-Open 2021_B"]
[Site "Moscow"]
[Date "2021.02.25"]
[Round "6.31"]
[White "Kvachko, Anastasiya"]
[Black "Yusupova, Elina"]
[Result "1-0"]
[WhiteElo "1882"]
[BlackElo "1575"]
[PlyCount "47"]
[EventDate "2021.02.20"]

1. e4 d6 2. d4 Nf6 3. Nc3 g6 4. Bf4 Bg7 5. Nf3 O-O 6. Bd3 c5 7. dxc5 dxc5 8. e5
Nd5 9. Nxd5 Qxd5 10. Qe2 Nc6 11. Be4 Qd7 12. Be3 b6 13. Ng5 h6 14. e6 Qc7 15.
exf7+ Rxf7 16. Nxf7 Kxf7 17. Qd3 Be6 18. Bxg6+ Kf8 19. Qe4 Bf7 20. Bxf7 Kxf7
21. O-O-O Qc8 22. g4 Nd4 23. Bxd4 cxd4 24. g5 1-0

[Event "Moscow-Open 2021_B"]
[Site "Moscow"]
[Date "2021.02.25"]
[Round "6.32"]
[White "Tumashevich, Elizaveta"]
[Black "Volchkova, Alena"]
[Result "0-1"]
[WhiteElo "1732"]
[BlackElo "1539"]
[PlyCount "52"]
[EventDate "2021.02.20"]

1. d4 Nf6 2. c4 g6 3. Nf3 Bg7 4. g3 d5 5. cxd5 Nxd5 6. e4 Nb6 7. Nc3 O-O 8. Bg2
Bg4 9. Ne2 Nc6 10. e5 Qd7 11. h3 Bxf3 12. Bxf3 Rad8 13. Be3 Nc4 14. Qb3 Nxe3
15. fxe3 Bxe5 16. Bg4 Qd6 17. dxe5 Qd2+ 18. Kf2 Rd3 19. Qxb7 Qxe3+ 20. Kg2 Nxe5
21. Rae1 f5 22. Rhf1 fxg4 23. Rxf8+ Kxf8 24. Qc8+ Kg7 25. hxg4 Rd2 26. Kf1 Qf3+
0-1

[Event "Moscow-Open 2021_B"]
[Site "Moscow"]
[Date "2021.02.25"]
[Round "6.34"]
[White "Uzintseva, Daria"]
[Black "Efimova, Darya"]
[Result "0-1"]
[WhiteElo "1326"]
[BlackElo "1364"]
[PlyCount "116"]
[EventDate "2021.02.20"]

1. d4 d6 2. c4 e5 3. g3 Qf6 4. e3 h5 5. h3 Nh6 6. Bg2 Nf5 7. Ne2 Nc6 8. d5 Nd8
9. Nbc3 g6 10. b3 Bg7 11. Bb2 Qe7 12. Qc2 Nh6 13. Na4 f5 14. c5 O-O 15. O-O g5
16. f3 f4 17. gxf4 gxf4 18. e4 Qh4 19. Kh2 Ndf7 20. Bc3 Nh8 21. Be1 Qe7 22.
cxd6 cxd6 23. Rc1 Rf7 24. Nac3 Ng6 25. Nb5 Bd7 26. Qd3 a6 27. Na3 Be8 28. Nc4
b5 29. Na5 Bf6 30. Nc6 Qf8 31. Ba5 Bh4 32. Nb4 Rg7 33. Qd2 Bg3+ 34. Nxg3 Nh4
35. Rg1 fxg3+ 36. Kh1 Rf7 37. Qg5+ Qg7 38. Qxg7+ Rxg7 39. Rc7 Ra7 40. Rgc1 Nxg2
41. Kxg2 h4 42. Rxg7+ Kxg7 43. Bd8 Bh5 44. Bxh4 Rf7 45. Rc3 a5 46. Nc6 Rd7 47.
Nxa5 Ra7 48. b4 Ng8 49. Kxg3 Ne7 50. Bxe7 Rxe7 51. a3 Kh6 52. Nc6 Rg7+ 53. Kh2
Kg5 54. Nd8 Kh4 55. Ne6 Rg3 56. Rc2 Bxf3 57. Nc7 Rxh3+ 58. Kg1 Kg3 0-1

[Event "Moscow-Open 2021_B"]
[Site "Moscow"]
[Date "2021.02.25"]
[Round "6.35"]
[White "Barkasheva, Sofia"]
[Black "Khamnueva, Mariya"]
[Result "1-0"]
[WhiteElo "1634"]
[BlackElo "1426"]
[PlyCount "55"]
[EventDate "2021.02.20"]

1. e4 c5 2. Nf3 d6 3. d4 cxd4 4. Nxd4 Nf6 5. Nc3 a6 6. h3 e5 7. Nde2 Be6 8. g4
Qa5 9. Ng3 Be7 10. Bg2 Nc6 11. Nf5 Bxf5 12. exf5 Rc8 13. g5 Nd7 14. Bd2 Qd8 15.
h4 Nb6 16. Nd5 Nxd5 17. Bxd5 Qd7 18. f6 gxf6 19. Qh5 Nd8 20. gxf6 Bxf6 21.
O-O-O Ne6 22. f4 Nd4 23. Bc3 Rc5 24. Rhe1 Rxd5 25. Bxd4 Qa4 26. fxe5 Rxd4 27.
exf6+ Re4 28. Qg4 1-0

[Event "Moscow-Open 2021_B"]
[Site "Moscow"]
[Date "2021.02.25"]
[Round "6.36"]
[White "Tsamalaidze, Liana"]
[Black "Gurgenidze, Aleksandra"]
[Result "1-0"]
[WhiteElo "1446"]
[BlackElo "1399"]
[PlyCount "65"]
[EventDate "2021.02.20"]

1. e4 c5 2. Nf3 d6 3. d4 cxd4 4. Nxd4 Nf6 5. Nc3 a6 6. Be2 e5 7. Nb3 Be7 8. Be3
Be6 9. f3 Nbd7 10. g4 O-O 11. Qd2 b5 12. g5 Nh5 13. Nd5 Bxd5 14. exd5 Nb6 15.
Na5 Qc7 16. Nc6 Rfe8 17. O-O-O Nf4 18. Bxf4 exf4 19. h4 Rac8 20. Nb4 Nc4 21.
Nxa6 Qa7 22. Bxc4 Rxc4 23. Nb4 Qa4 24. a3 Rec8 25. Rh2 Bd8 26. Nc6 b4 27. Qe2
g6 28. Qxc4 Ra8 29. Re2 Bb6 30. Kb1 bxa3 31. Re8+ Kg7 32. Qc3+ f6 33. Qxf6# 1-0

[Event "Moscow-Open 2021_B"]
[Site "Moscow"]
[Date "2021.02.26"]
[Round "7.7"]
[White "Grigorieva, Yulia"]
[Black "Miroshnik, Ekaterina"]
[Result "0-1"]
[WhiteElo "2273"]
[BlackElo "2118"]
[PlyCount "96"]
[EventDate "2021.02.20"]

1. e4 c5 2. Nf3 a6 3. c3 d5 4. exd5 Qxd5 5. d4 e6 6. Be3 cxd4 7. cxd4 Nf6 8.
Nc3 Qd8 9. Be2 Be7 10. O-O O-O 11. Ne5 Nbd7 12. Bd3 Nb6 13. Qf3 Nbd5 14. Qh3 g6
15. Rae1 Nxc3 16. bxc3 Nd5 17. Bh6 Re8 18. Bc4 Bf8 19. Re4 Bg7 20. Bxg7 Kxg7
21. Nxf7 Kxf7 22. Qxh7+ Kf6 23. Rg4 Ne7 24. Qh4+ Kg7 25. Qg5 Rf8 26. Qe5+ Rf6
27. h4 Bd7 28. h5 Qb8 29. Qg5 Qd6 30. Bd3 Rh8 31. Rh4 Qd5 32. h6+ Kf7 33. Qe5
g5 34. Rh3 Qxe5 35. dxe5 Rfxh6 36. Rxh6 Rxh6 37. f4 gxf4 38. Rxf4+ Ke8 39. Rb4
Bc6 40. g4 Rh3 41. Rd4 Nd5 42. Bg6+ Ke7 43. c4 Nc3 44. Kf2 Rf3+ 45. Ke1 Nxa2
46. Kd2 Nb4 47. c5 Nd5 48. Be4 Rg3 0-1

[Event "Moscow-Open 2021_B"]
[Site "Moscow"]
[Date "2021.02.26"]
[Round "7.8"]
[White "Getman, Tatyana"]
[Black "Alekseeva, Irina"]
[Result "0-1"]
[WhiteElo "2271"]
[BlackElo "2113"]
[PlyCount "128"]
[EventDate "2021.02.20"]

1. d4 Nf6 2. c4 g6 3. Nc3 Bg7 4. e4 d6 5. Nf3 O-O 6. Be2 e5 7. O-O Nc6 8. d5
Ne7 9. b4 Nd7 10. a4 h6 11. Ba3 f5 12. c5 Nf6 13. Nd2 g5 14. Nc4 fxe4 15. b5
Nf5 16. b6 axb6 17. cxd6 Nxd6 18. Nxd6 cxd6 19. Qb3 Bf5 20. Rac1 Bg6 21. Qb4
Ne8 22. Bg4 Rf4 23. Be6+ Kh7 24. g3 Rf3 25. Rfe1 Rd3 26. Nb5 Qf6 27. Rxe4 Qf3
28. Ree1 Rb3 29. Qg4 Qxg4 30. Bxg4 Rxa4 31. Be2 Raxa3 32. Nxa3 Rxa3 33. Rc8 Nf6
34. Rd8 Nxd5 35. Rxd6 Nc3 36. Rxb6 Nxe2+ 37. Rxe2 Ra1+ 38. Kg2 Bd3 39. Rd2 e4
40. f3 Bc3 41. Rxb7+ Kg8 42. Rb8+ Kf7 43. Rb7+ Ke6 44. Rb6+ Kd7 45. Rbb2 Bxd2
46. Rxd2 Ke6 47. fxe4 Bxe4+ 48. Kf2 Ke5 49. Rd8 Ra2+ 50. Ke3 Bf5 51. Re8+ Be6
52. h4 gxh4 53. gxh4 Rh2 54. Kf3 Rxh4 55. Rh8 h5 56. Kg3 Rh3+ 57. Kg2 Bg4 58.
Re8+ Kf4 59. Rf8+ Kg5 60. Rg8+ Kh4 61. Rb8 Re3 62. Kf2 Re2+ 63. Kf1 Kg3 64. Rg8
Rd2 0-1

[Event "Moscow-Open 2021_B"]
[Site "Moscow"]
[Date "2021.02.26"]
[Round "7.9"]
[White "Tarasenka, Aliaksandra"]
[Black "Yakimova, Mariya"]
[Result "0-1"]
[WhiteElo "1995"]
[BlackElo "2232"]
[PlyCount "92"]
[EventDate "2021.02.20"]

1. d4 Nf6 2. c4 g6 3. Nc3 Bg7 4. e4 d6 5. Be2 O-O 6. f4 c5 7. Nf3 cxd4 8. Nxd4
e5 9. Ndb5 Ne8 10. O-O a6 11. Na3 exf4 12. Rxf4 Nc6 13. Nc2 Nc7 14. Be3 Ne6 15.
Rf2 Nc5 16. Nd4 Re8 17. Bf3 Ne5 18. b3 Bd7 19. Qc2 Nxf3+ 20. gxf3 f5 21. Rd1
Qh4 22. b4 Ne6 23. Nde2 f4 24. Bc1 Ng5 25. Nxf4 Be5 26. Ncd5 Bc6 27. Rff1 Rf8
28. Qf2 Qxf2+ 29. Kxf2 Bxd5 30. Nxd5 Rxf3+ 31. Kg2 Rxf1 32. Rxf1 Nxe4 33. Re1
Nc3 34. Rxe5 dxe5 35. Nxc3 Rc8 36. c5 Rd8 37. a3 Rd4 38. Kf2 Rc4 39. Bd2 Kf7
40. Ke3 Rh4 41. Ne4 Ke6 42. Ng5+ Kd5 43. Nf7 Rh3+ 44. Ke2 Rxh2+ 45. Kd1 Kd4 46.
a4 e4 0-1

[Event "Moscow-Open 2021_B"]
[Site "Moscow"]
[Date "2021.02.26"]
[Round "7.10"]
[White "Nur-Mukhametova, Alisa"]
[Black "Shukhman, Anna"]
[Result "1/2-1/2"]
[WhiteElo "2212"]
[BlackElo "1986"]
[PlyCount "98"]
[EventDate "2021.02.20"]

1. e4 c5 2. Nc3 e6 3. Nge2 d5 4. exd5 exd5 5. d4 Nf6 6. g3 Nc6 7. Bg2 cxd4 8.
Nxd4 Bg4 9. f3 Be6 10. Nce2 Bc5 11. Be3 Qb6 12. Rb1 O-O 13. b4 Bd6 14. O-O Rad8
15. Bf2 Nxd4 16. Nxd4 Qa6 17. Re1 Bd7 18. Bf1 b5 19. Qd2 Rfe8 20. Red1 Rb8 21.
a4 Qxa4 22. Ra1 Qxb4 23. c3 Qc5 24. Nxb5 Qc6 25. Nxd6 Qxd6 26. Bxa7 Rb7 27. Bd4
Bb5 28. Rdb1 Reb8 29. Ba7 Ra8 30. Qe3 Qc6 31. Bd4 Re8 32. Qf2 Bxf1 33. Qxf1
Rxb1 34. Rxb1 Nd7 35. Qb5 Qe6 36. Qf1 h5 37. h4 Ne5 38. Kg2 Nc4 39. Qf2 Qf5 40.
Re1 Rb8 41. Re2 Qd3 42. Qf1 Kh7 43. Rf2 Qf5 44. Qd1 Nb2 45. Qf1 Nd3 46. Rd2 Nb2
47. Qc1 Nd3 48. Qf1 Nb2 49. Qc1 Nd3 1/2-1/2

[Event "Moscow-Open 2021_B"]
[Site "Moscow"]
[Date "2021.02.26"]
[Round "7.11"]
[White "Korchagina, Alena"]
[Black "Danilova, Rada"]
[Result "1/2-1/2"]
[WhiteElo "2132"]
[BlackElo "2048"]
[PlyCount "91"]
[EventDate "2021.02.20"]

1. Nf3 Nf6 2. c4 e6 3. Nc3 Bb4 4. Qc2 O-O 5. a3 Bxc3 6. Qxc3 b6 7. b4 a5 8. Bb2
axb4 9. axb4 Rxa1+ 10. Bxa1 c5 11. e3 d6 12. Be2 e5 13. d3 Re8 14. O-O Nc6 15.
b5 Ne7 16. Nd2 Bb7 17. Rd1 Ng6 18. Bf1 Qe7 19. Bb2 h5 20. Ra1 Ra8 21. Rxa8+
Bxa8 22. Qa3 Qb7 23. d4 Qb8 24. dxe5 dxe5 25. Bd3 Qd8 26. Bxg6 fxg6 27. Nf1 Be4
28. Qc3 Qd1 29. Qd2 Qb1 30. Qc1 Qxc1 31. Bxc1 Bd3 32. Nd2 Ne4 33. Nxe4 Bxe4 34.
Bb2 Bd3 35. Bxe5 Bxc4 36. Bc7 Bxb5 37. Bxb6 c4 38. Bd4 Kf7 39. f3 Ba4 40. h4
Bc2 41. Kf2 Bd3 42. g4 hxg4 43. fxg4 Be4 44. Kg3 Bd5 45. Kf4 Be6 46. g5 1/2-1/2

[Event "Moscow-Open 2021_B"]
[Site "Moscow"]
[Date "2021.02.26"]
[Round "7.12"]
[White "Shafigullina, Zarina"]
[Black "Yurasova, Daria"]
[Result "1-0"]
[WhiteElo "2311"]
[BlackElo "2110"]
[PlyCount "73"]
[EventDate "2021.02.20"]

1. d4 Nf6 2. Nf3 e6 3. g3 d5 4. Bg2 Be7 5. O-O O-O 6. c4 dxc4 7. Qc2 a6 8. Qxc4
b5 9. Qc2 Bb7 10. Bd2 Be4 11. Qc1 Nc6 12. e3 b4 13. Ne1 Na5 14. Bxe4 Nxe4 15.
Nd3 Qd5 16. Nxb4 Qb7 17. Nd3 Ng5 18. f3 Nxf3+ 19. Rxf3 Qxf3 20. Bxa5 Qf5 21.
Nc5 Rfd8 22. Nd2 e5 23. Ndb3 exd4 24. exd4 Rxd4 25. Nxd4 Bxc5 26. Bc3 Qd3 27.
Qf4 Rd8 28. Re1 g6 29. Re4 f5 30. Qxc7 Qb1+ 31. Kf2 Qc2+ 32. Kf1 Rxd4 33. Qc8+
Kf7 34. Qe8+ Kg7 35. Bxd4+ Bxd4 36. Rxd4 Qb1+ 37. Qe1 1-0

[Event "Moscow-Open 2021_B"]
[Site "Moscow"]
[Date "2021.02.26"]
[Round "7.13"]
[White "Kochukova, Anna"]
[Black "Nosacheva, Mariya"]
[Result "1-0"]
[WhiteElo "2091"]
[BlackElo "2222"]
[PlyCount "60"]
[EventDate "2021.02.20"]

1. e4 c5 2. Nf3 d6 3. d4 Nf6 4. Bb5+ Bd7 5. Bxd7+ Qxd7 6. dxc5 Nxe4 7. cxd6
Nxd6 8. O-O Nc6 9. Re1 O-O-O 10. Qe2 f6 11. c4 e5 12. Nc3 Qg4 13. c5 Nf5 14.
Be3 e4 15. h3 exf3 16. hxg4 fxe2 17. gxf5 Nd4 18. Bxd4 Rxd4 19. Rac1 Rf4 20.
Rxe2 Rxf5 21. Re8+ Kd7 22. Ra8 Rxc5 23. Rd1+ Ke7 24. Rxa7 Rc8 25. Rxb7+ Ke6 26.
a4 Bc5 27. Rxg7 Ba3 28. Re1+ Kf5 29. g4+ Kf4 30. Nd5+ Kf3 1-0

[Event "Moscow-Open 2021_B"]
[Site "Moscow"]
[Date "2021.02.26"]
[Round "7.14"]
[White "Korovina, Yana"]
[Black "Zeliantsova, Kseniya"]
[Result "0-1"]
[WhiteElo "1531"]
[BlackElo "2166"]
[PlyCount "100"]
[EventDate "2021.02.20"]

1. e4 c5 2. c4 Nc6 3. Nc3 g6 4. g3 Bg7 5. Bg2 d6 6. d3 e5 7. Nge2 Nge7 8. O-O
O-O 9. f4 f5 10. Nd5 Be6 11. h3 Qd7 12. Kh2 Rab8 13. Nec3 Nd4 14. Be3 Nec6 15.
a4 b6 16. Nb5 fxe4 17. dxe4 Na5 18. Qd3 Bxd5 19. exd5 Nf5 20. Bd2 a6 21. Nc3
Nb3 22. Rae1 Nxd2 23. Qxd2 exf4 24. gxf4 Bf6 25. Re6 Nd4 26. Re3 Bh4 27. Ne2
Nf5 28. Re6 Qxa4 29. Be4 Qxc4 30. Bxf5 Rxf5 31. Rxd6 Re8 32. Re6 Rxe6 33. dxe6
Qxe6 34. Nc3 Qc4 35. Ne2 Rf8 36. Rc1 Qe4 37. Qc2 Qxc2 38. Rxc2 Rd8 39. Nc3 Rd4
40. Ne2 Rb4 41. Kg2 Bf6 42. Kf3 Rxb2 43. Rxb2 Bxb2 44. Ke3 c4 45. Kd2 b5 46.
Kc2 Bf6 47. Ng3 Kf7 48. Ne4 Bd4 49. Ng5+ Ke7 50. Nxh7 b4 0-1

[Event "Moscow-Open 2021_B"]
[Site "Moscow"]
[Date "2021.02.26"]
[Round "7.15"]
[White "Afanasieva, Alexandra"]
[Black "Baiburina, Kamilla"]
[Result "1-0"]
[WhiteElo "1997"]
[BlackElo "1829"]
[PlyCount "141"]
[EventDate "2021.02.20"]

1. e4 e6 2. d4 d5 3. Nd2 c5 4. exd5 exd5 5. Ngf3 Nf6 6. Bb5+ Bd7 7. Bxd7+ Nbxd7
8. O-O Be7 9. dxc5 Nxc5 10. Nd4 Qd7 11. N2f3 O-O 12. Ne5 Qc8 13. Bf4 Re8 14.
Nd3 Nce4 15. c3 a6 16. Re1 Bd6 17. Qf3 Qd7 18. Rad1 Rad8 19. h3 b5 20. Bxd6
Qxd6 21. Nf5 Qc7 22. Nb4 Ng5 23. Rxe8+ Rxe8 24. Qd3 Rd8 25. Nxa6 Qf4 26. Ng3 h5
27. Qd4 Qxd4 28. Rxd4 Ne6 29. Rd3 d4 30. Ne2 Ra8 31. Nb4 dxc3 32. Nxc3 Nc5 33.
Re3 Na4 34. Nxa4 bxa4 35. Kf1 Rb8 36. a3 g6 37. Ke2 Nd7 38. Nd3 Nb6 39. Re4 Rc8
40. Rb4 Rc2+ 41. Kd1 Rc6 42. Ne5 Rd6+ 43. Kc2 Kg7 44. Nc4 Rc6 45. Rxb6 Rxc4+
46. Kd2 Rc8 47. Rb4 Ra8 48. Kc3 Rc8+ 49. Rc4 Ra8 50. Kd4 f5 51. h4 Rd8+ 52. Kc3
Ra8 53. g3 Kf6 54. Rc6+ Kf7 55. Rb6 Kg7 56. Kb4 Kf7 57. Kc4 Rc8+ 58. Kd3 Rd8+
59. Ke3 Re8+ 60. Kf3 Kg7 61. Rb4 Ra8 62. Kf4 Ra6 63. Kg5 Kf7 64. Rb7+ Kg8 65.
Kh6 Kf8 66. Rg7 Rb6 67. Rxg6 Rxb2 68. Rf6+ Ke7 69. Rxf5 Rb3 70. Ra5 Rxa3 71.
Kxh5 1-0

[Event "Moscow-Open 2021_B"]
[Site "Moscow"]
[Date "2021.02.26"]
[Round "7.16"]
[White "Naumova, Alexandra"]
[Black "Porozhnyak, Maya"]
[Result "1/2-1/2"]
[WhiteElo "1800"]
[BlackElo "1976"]
[PlyCount "110"]
[EventDate "2021.02.20"]

1. d4 Nf6 2. Nf3 d5 3. e3 e6 4. Bd3 a6 5. O-O c5 6. b3 Bd6 7. Bb2 Nbd7 8. Nbd2
b5 9. c4 bxc4 10. bxc4 Rb8 11. Qc2 cxd4 12. exd4 O-O 13. c5 Bf4 14. Nb3 Qc7 15.
g3 Bh6 16. Bc3 g6 17. Qe2 Ra8 18. Ba5 Qc6 19. Ne5 Nxe5 20. Qxe5 Nd7 21. Qc7 Bb7
22. Qxc6 Bxc6 23. Bc7 Rfc8 24. Bd6 Ba4 25. Be2 Nf6 26. Na5 Ne4 27. Bf4 Bxf4 28.
gxf4 Nc3 29. Bf3 Rab8 30. Rfc1 Nb5 31. Bd1 Bxd1 32. Rxd1 Nc3 33. Rd2 Rb4 34.
Nb3 Kg7 35. Kg2 Kf6 36. Rd3 Na4 37. Kf3 Nb2 38. Rc3 Nc4 39. Rd1 Ra4 40. Rc2 Ra3
41. Rd3 Rb8 42. Nc1 Ke7 43. Rxa3 Nxa3 44. Rc3 Nc4 45. Nd3 f6 46. Ke2 Rb1 47.
Rb3 Ra1 48. Rb7+ Kd8 49. Nb4 a5 50. Nc6+ Kc8 51. Rxh7 Rxa2+ 52. Kf3 Rc2 53. Ra7
Nd2+ 54. Kg2 Nb3 55. Ne7+ Kb8 1/2-1/2

[Event "Moscow-Open 2021_B"]
[Site "Moscow"]
[Date "2021.02.26"]
[Round "7.17"]
[White "Ilyina, Lada"]
[Black "Vasiljeva, Anna"]
[Result "1-0"]
[WhiteElo "1959"]
[BlackElo "1797"]
[PlyCount "91"]
[EventDate "2021.02.20"]

1. d4 Nf6 2. c4 e6 3. e3 c5 4. Nc3 cxd4 5. exd4 d5 6. Nf3 Nc6 7. a3 Be7 8. Bf4
O-O 9. c5 Ne4 10. h4 Nxc3 11. bxc3 e5 12. Nxe5 Nxe5 13. Bxe5 Re8 14. Bb5 Bd7
15. Bxd7 Qxd7 16. O-O Bxh4 17. Qf3 b6 18. Bd6 Be7 19. Bxe7 Rxe7 20. c4 Rd8 21.
cxb6 dxc4 22. bxa7 Qxa7 23. d5 h6 24. a4 Red7 25. Rfd1 Qc5 26. a5 Rxd5 27. Rxd5
Qxd5 28. Qxd5 Rxd5 29. a6 Rd8 30. a7 Ra8 31. Kf1 Kf8 32. Ke2 Ke7 33. Ke3 Kd6
34. Kd4 Kc6 35. Kxc4 Kb7 36. Kb5 Kc7 37. Ka6 g6 38. Rc1+ Kd6 39. Kb7 Rxa7+ 40.
Kxa7 Ke5 41. Rc7 f5 42. Rc6 g5 43. Rxh6 Kf4 44. Rc6 Ke4 45. Kb6 g4 46. Rc4+ 1-0

[Event "Moscow-Open 2021_B"]
[Site "Moscow"]
[Date "2021.02.26"]
[Round "7.18"]
[White "Yagutian, Mariya"]
[Black "Tokmakova, Ulyana"]
[Result "0-1"]
[WhiteElo "1691"]
[BlackElo "1882"]
[PlyCount "94"]
[EventDate "2021.02.20"]

1. d4 e6 2. Nf3 d5 3. e3 Nf6 4. Bd3 c5 5. b3 Be7 6. Bb2 O-O 7. O-O b6 8. Nbd2
Ba6 9. c4 Nc6 10. Rc1 Rc8 11. Ne5 Nb4 12. Bb1 cxd4 13. exd4 dxc4 14. Ndxc4 Nbd5
15. a3 b5 16. Ne3 b4 17. Nc6 Rxc6 18. Rxc6 Bxf1 19. Qxf1 bxa3 20. Ba1 Nxe3 21.
fxe3 Qd5 22. Rc4 Ne4 23. Qd3 f5 24. Ba2 a5 25. b4 axb4 26. Qc2 Qb5 27. Rc8 Nd6
28. Bxe6+ Kh8 29. Rc5 Qb8 30. Qb3 h6 31. Re5 f4 32. e4 Bf6 33. Ra5 Nxe4 34. Bd5
Qb6 35. Bxe4 Qxa5 36. Bc2 Qb5 37. Bd3 Qb6 38. Qd5 Rd8 39. Qe4 Bxd4+ 40. Kh1 g6
41. Qxf4 Kg7 42. Bxg6 Qf6 43. Bxd4 Rxd4 44. Qc7+ Kxg6 45. Qc2+ Kg7 46. Qc7+ Kh8
47. Qb8+ Rd8 0-1

[Event "Moscow-Open 2021_B"]
[Site "Moscow"]
[Date "2021.02.26"]
[Round "7.19"]
[White "Mikheeva, Galina"]
[Black "Khachatryan, Nadezhda"]
[Result "0-1"]
[WhiteElo "1873"]
[BlackElo "1665"]
[PlyCount "92"]
[EventDate "2021.02.20"]

1. e4 c6 2. d4 d5 3. e5 Bf5 4. h4 h5 5. Bd3 Bxd3 6. Qxd3 e6 7. Bg5 Be7 8. Nf3
Nh6 9. Bxe7 Qxe7 10. Nbd2 Nd7 11. c4 dxc4 12. Nxc4 Nf5 13. Ne3 Nxe3 14. fxe3
Nb6 15. O-O Rh6 16. Rf2 f6 17. a4 a5 18. Qb3 Nd5 19. e4 Nb4 20. Qe3 Rg6 21.
exf6 gxf6 22. Rc1 O-O-O 23. Rd2 Rdg8 24. e5 Nd5 25. Qe1 Nf4 26. Rcc2 Qg7 27.
exf6 Qxf6 28. Ng5 Rd8 29. Qe4 Rd5 30. Kh2 Rdxg5 31. hxg5 Qxg5 32. Qe1 Nd5 33.
Re2 Qf4+ 34. g3 Qf6 35. Qf2 Qg7 36. Qe1 h4 37. Rxe6 hxg3+ 38. Kg1 Qxd4+ 39. Kf1
Qd3+ 40. Kg1 Qxc2 41. Re8+ Kd7 42. Rb8 Qc5+ 43. Kg2 Qc2+ 44. Kf3 Qf5+ 45. Kg2
Nf4+ 46. Kg1 Qc5+ 0-1

[Event "Moscow-Open 2021_B"]
[Site "Moscow"]
[Date "2021.02.26"]
[Round "7.20"]
[White "Voskresenskaya, Marta"]
[Black "Ponomareva, Varvara"]
[Result "1/2-1/2"]
[WhiteElo "1853"]
[BlackElo "1663"]
[PlyCount "80"]
[EventDate "2021.02.20"]

1. d4 Nf6 2. c4 e6 3. Nf3 d5 4. Nc3 Be7 5. Bg5 h6 6. Bh4 O-O 7. e3 b6 8. cxd5
Nxd5 9. Bxe7 Qxe7 10. Nxd5 exd5 11. Bd3 Be6 12. O-O Nd7 13. Rc1 c5 14. h3 f5
15. Bb5 Nf6 16. Ne5 Rfc8 17. Qe2 Ne4 18. Rfd1 Qf6 19. Ba6 Re8 20. f4 Re7 21.
Bd3 c4 22. Bxe4 fxe4 23. Rf1 g6 24. Rc2 Rg7 25. Qe1 Qe7 26. g4 Rf8 27. Rcf2 Qh4
28. Rh2 Qxe1 29. Rxe1 Bd7 30. Rf2 Bc8 31. Kh2 Rf6 32. Kg3 Kh7 33. h4 h5 34. Rh2
Bxg4 35. Nxg4 hxg4 36. Kxg4 Kh6 37. Kg3 b5 38. Kf2 b4 39. b3 cxb3 40. axb3 Rc6
1/2-1/2

[Event "Moscow-Open 2021_B"]
[Site "Moscow"]
[Date "2021.02.26"]
[Round "7.21"]
[White "Zaitseva, Lyudmila"]
[Black "Alekseenko, Mariya"]
[Result "1/2-1/2"]
[WhiteElo "1852"]
[BlackElo "1656"]
[PlyCount "82"]
[EventDate "2021.02.20"]

1. d4 c5 2. d5 e5 3. c4 d6 4. e4 Nf6 5. Nc3 Nbd7 6. g3 g6 7. Bg2 Bg7 8. Nge2
O-O 9. O-O a6 10. a4 Ne8 11. a5 f5 12. f4 Qe7 13. h3 Ndf6 14. exf5 gxf5 15.
fxe5 dxe5 16. Be3 Bd7 17. d6 Qf7 18. Bxc5 Qxc4 19. b4 Rc8 20. Rc1 Rxc5 21. Ne4
fxe4 22. Rxc4 Rxc4 23. Qb3 Be6 24. Rd1 Nxd6 25. Rxd6 Rc1+ 26. Nxc1 Bxb3 27.
Nxb3 Bh6 28. Re6 Be3+ 29. Kh2 Bd4 30. Nc5 e3 31. Bxb7 Bxc5 32. bxc5 e2 33. Rxe5
Re8 34. Bd5+ Kg7 35. Be6 Nd7 36. Rxe2 Nxc5 37. Bc4 Rxe2+ 38. Bxe2 Nb3 39. Bxa6
Nxa5 40. Kg2 Nc6 41. Kf3 Ne5+ 1/2-1/2